000 00592nam a2200193Ia 4500
003 GCL
008 140319s9999 xx 000 0 ara d
040 _aGCL /
_cGCL
082 0 4 _aق
_b962.39
_b
_bم س
100 1 _aمحمود المراغى
245 1 0 _aسيناء الحرب والمكان /
_cمحمود المراغى
300 _a176 ص
490 _aالهيئة العامة للاستعلامات
_v0
650 0 4 _aسيناء - الجغرافيا
650 0 4 _aسيناء
650 0 4 _aسيناء -التاريخ
650 0 4 _aسيناء - الاحتلال
942 _2ddc
_cBK
999 _c51026
_d51026